Heat resistant electromagnetic interference shielding materials from polysulfone/carbon nanotubes nanocomposites (Record no. 60252)

MARC details
000 -LEADER
fixed length control field 00451nam a2200109Ia 4500
100 ## - MAIN ENTRY--AUTHOR NAME
Personal name Nayak L
245 #0 - TITLE STATEMENT
Title Heat resistant electromagnetic interference shielding materials from polysulfone/carbon nanotubes nanocomposites
260 ## - PUBLICATION, DISTRIBUTION, ETC. (IMPRINT)
Name of publisher India Rubber Expo & Tyre Show 2013. Conference & Workshop Abstracts, 22-24 January 2013, Mumbai, India. pp. 143-147.
650 ## - SUBJECT ADDED ENTRY--TOPICAL TERM
Topical Term Nanocomposites
942 ## - ADDED ENTRY ELEMENTS (KOHA)
Koha item type Journals
Holdings
Withdrawn status Lost status Damaged status Not for loan Home library Current library Shelving location Date acquired Koha item type
      Journals RRII Library RRII Library Rubber technology 01/01/2016 Journals